| 000 | 00000nam##2200000za#4500 |
| 001 | 9.641204 |
| 003 | CaOODSP |
| 005 | 20210624223104 |
| 007 | cr ||||||||||| |
| 008 | 150407|2002||||xxc|||||o f|0| 0 fre|d |
| 040 | |aCaOODSP|bfre |
| 043 | |an-cn--- |
| 086 | 1 |aT52-4/79-2002F-PDF |
| 110 | 1 |aCanada.|bTransports Canada. |bAviation. |
| 245 | 13|aLa gestion de la faune : |h[ressource électronique]|bmanuel de procédures / |c[par] Direction de la sécurité des aérodromes. |
| 260 | |aOttawa - Ontario : |bTransports Canada. |c[2002]. |
| 300 | |a282p.|bgraphiques, tableaux |
| 504 | |aBibliographie. |
| 590 | |a13-02-Supp|b2013-01-11 |
| 691 | 07|aAéroport|2gcpds |
| 691 | 07|aGestion de la faune|2gcpds |
| 775 | 08|tWildlife control : |w(CaOODSP)9.697136 |
| 856 | 40|ahttp://publications.gc.ca|qPDF|s1.13 Mo|uhttps://publications.gc.ca/collections/collection_2013/tc/T52-4-79-2002-fra.pdf |
| 986 | |aTP 11500 F (03/2002) |